A sociopolitical historical investigation of 18th century piracy in the Caribbean Sea and 21st century piracy in the Indian Ocean / (Record no. 98893)
[ view plain ]
| 000 -LEADER | |
|---|---|
| fixed length control field | 00816nam a2200205 a 4500 |
| 003 - CONTROL NUMBER IDENTIFIER | |
| control field | 0 |
| 005 - DATE AND TIME OF LATEST TRANSACTION | |
| control field | 20250213094408.0 |
| 008 - FIXED-LENGTH DATA ELEMENTS--GENERAL INFORMATION | |
| fixed length control field | 130129s19uu xx 00 eng d |
| 050 ## - LIBRARY OF CONGRESS CALL NUMBER | |
| Classification number | PHS VK 1401.P5 |
| Item number | .T245 2012 |
| 100 ## - MAIN ENTRY--PERSONAL NAME | |
| Personal name | Taylor, Paul Norris P. |
| 245 ## - TITLE STATEMENT | |
| Title | A sociopolitical historical investigation of 18th century piracy in the Caribbean Sea and 21st century piracy in the Indian Ocean / |
| Statement of responsibility, etc | Paul Norris P. Taylor. |
| 260 ## - PUBLICATION, DISTRIBUTION, ETC. (IMPRINT) | |
| Place of publication, distribution, etc | Las Piñas City, Philippines : |
| Name of publisher, distributor, etc | Southville International School and Colleges, |
| Date of publication, distribution, etc | 2012. |
| 300 ## - PHYSICAL DESCRIPTION | |
| Extent | 25 pages ; |
| Dimensions | 28 cm. |
| 504 ## - BIBLIOGRAPHY, ETC. NOTE | |
| Bibliography, etc | Includes bibliographical references. |
| 650 ## - SUBJECT ADDED ENTRY--TOPICAL TERM | |
| Topical term or geographic name as entry element | Pirates |
| General subdivision | Influence. |
| 650 ## - SUBJECT ADDED ENTRY--TOPICAL TERM | |
| Topical term or geographic name as entry element | Pirates |
| General subdivision | History. |
| 650 ## - SUBJECT ADDED ENTRY--TOPICAL TERM | |
| Topical term or geographic name as entry element | Pirates |
| Geographic subdivision | Caribbean Area |
| General subdivision | History |
| Chronological subdivision | 18th century. |
| 650 ## - SUBJECT ADDED ENTRY--TOPICAL TERM | |
| Topical term or geographic name as entry element | Pirates |
| Geographic subdivision | Indian Ocean |
| General subdivision | History |
| Chronological subdivision | 21st century. |
| 942 ## - ADDED ENTRY ELEMENTS (KOHA) | |
| Source of classification or shelving scheme | Library of Congress Classification |
| Koha item type | PASS |
| Withdrawn status | Lost status | Source of classification or shelving scheme | Damaged status | Home library | Current library | Shelving location | Date acquired | Source of acquisition | Total Checkouts | Full call number | Barcode | Date last seen | Price effective from | Koha item type |
|---|---|---|---|---|---|---|---|---|---|---|---|---|---|---|
| Library of Congress Classification | Luxembourg Library | Luxembourg Library | Portfolio Assessment of SISC Students Section | 01/29/2013 | Donation | PHS VK 1401.P5 .T245 2012 | P2994 | 11/26/2019 | 04/08/2014 | PASS |